000 00622cam a22002053a 4500
001 40652
003 PGUSA
005 20140828083916.0
008 120903s2012||||xxu|||||s|||||000 | eng d
040 _aPGUSA
_beng
042 _adc
100 1 _aBrewer, Ebenezer Cobham,
_d1810-1897
245 1 2 _aA Guide to the Scientific Knowledge of Things Familiar
_h[electronic resource] /
_cEbenezer Cobham Brewer
260 _bProject Gutenberg,
_c2012
506 _aPublic domain in the USA.
516 _aElectronic text
830 0 _aProject Gutenberg
_v40652
856 4 0 _uhttp://www.gutenberg.org/ebooks/40652
942 _cEB
999 _c269905
_d269905